000 00706nam1a22002291i 4500
001 v19\rc\2066964
005 20260407121935.0
035 _a(NLR Aleph) 005142782
090 _a4820224
_c4820224
100 _a20081111d1917 |||a0rusy50 ca
101 0 _arus
102 _aRU
105 _ay z |||||
200 1 _aСборник всех воинских уставов
_eВ 2 кн. Кн. 1-2
210 _aМосква
_d[1917]
215 _a2 т.
_d16
740 1 _aРоссия
_tВоенные уставы и наставления
_3RU\NLR\AUTH\889957977
_9412039
801 0 _aRU
_bNLR
_gpsbo
801 0 _aRU
_bRuMoRGB
_2psbo
801 1 _aRU
_bProSoft-M
_2rusmarc
852 _aNLR
_j37.46.8.82
942 _cBOOK